IELTS preparation and practice : (Record no. 3945)
[ view plain ]
| 000 -LEADER | |
|---|---|
| fixed length control field | 01562cam a22003855i 4500 |
| 003 - CONTROL NUMBER IDENTIFIER | |
| control field | EG-ScBUE |
| 005 - DATE AND TIME OF LATEST TRANSACTION | |
| control field | 20201125063754.0 |
| 006 - FIXED-LENGTH DATA ELEMENTS--ADDITIONAL MATERIAL CHARACTERISTICS--GENERAL INFORMATION | |
| fixed length control field | i||z f |||| 00| u |
| 008 - FIXED-LENGTH DATA ELEMENTS--GENERAL INFORMATION | |
| fixed length control field | 130122s2002 at a f 000 0 eng d |
| 020 ## - INTERNATIONAL STANDARD BOOK NUMBER | |
| International Standard Book Number | 0195516311 |
| 020 ## - INTERNATIONAL STANDARD BOOK NUMBER | |
| International Standard Book Number | 9780195516319 |
| 020 ## - INTERNATIONAL STANDARD BOOK NUMBER | |
| International Standard Book Number | 9780194575324 (cassette set) |
| 020 ## - INTERNATIONAL STANDARD BOOK NUMBER | |
| International Standard Book Number | 0194575322 (cassette set) |
| 040 ## - CATALOGING SOURCE | |
| Original cataloging agency | EG-ScBUE |
| Language of cataloging | eng |
| Description conventions | rda |
| Transcribing agency | EG-ScBUE |
| Modifying agency | EG-ScBUE |
| 082 04 - DEWEY DECIMAL CLASSIFICATION NUMBER | |
| Classification number | 428.24076 |
| Item number | SAH |
| Edition number | 22 |
| 100 1# - MAIN ENTRY--PERSONAL NAME | |
| Personal name | Sahanaya, Wendy, |
| Dates associated with a name | 1940- |
| Relator term | author. |
| 9 (RLIN) | 14311 |
| 245 10 - TITLE STATEMENT | |
| Title | IELTS preparation and practice : |
| Remainder of title | practice tests with annotated answer key / |
| Statement of responsibility, etc | Wendy Sahanaya and Terri Hughes. |
| 264 #1 - PUBLICATION, DISTRIBUTION, ETC. (IMPRINT) | |
| Place of publication, distribution, etc | Melbourne, Australia : |
| Name of publisher, distributor, etc | Oxford University Press, |
| Date of publication, distribution, etc | 2002. |
| 300 ## - PHYSICAL DESCRIPTION | |
| Extent | vi, 145 pages : |
| Other physical details | illustrations ; |
| Dimensions | 28 cm + |
| Accompanying material | 1 cassette |
| 336 ## - CONTENT TYPE | |
| Content type term | text |
| Content type code | txt |
| Source | rdacontent |
| 336 ## - CONTENT TYPE | |
| Content type term | spoken word |
| Content type code | spw |
| Source | rdacontent |
| 337 ## - MEDIA TYPE | |
| Media type term | unmediated |
| Media type code | n |
| Source | rdamedia |
| 337 ## - MEDIA TYPE | |
| Media type term | audio |
| Media type code | s |
| Source | rdamedia |
| 338 ## - CARRIER TYPE | |
| Carrier type term | volume |
| Carrier type code | nc |
| Source | rdacarrier |
| 338 ## - CARRIER TYPE | |
| Carrier type term | audiocassette |
| Carrier type code | ss |
| Source | rdacarrier |
| 650 #7 - SUBJECT ADDED ENTRY--TOPICAL TERM | |
| Topical term or geographic name as entry element | International English Language Testing System |
| Form subdivision | Study guides. |
| Source of heading or term | BUEsh |
| 9 (RLIN) | 36012 |
| 650 #7 - SUBJECT ADDED ENTRY--TOPICAL TERM | |
| Topical term or geographic name as entry element | English language |
| Form subdivision | Examinations, questions, etc. |
| Source of heading or term | BUEsh |
| 650 #7 - SUBJECT ADDED ENTRY--TOPICAL TERM | |
| Topical term or geographic name as entry element | English language |
| Form subdivision | Textbooks for foreign speakers. |
| Source of heading or term | BUEsh |
| 650 #7 - SUBJECT ADDED ENTRY--TOPICAL TERM | |
| Topical term or geographic name as entry element | English language |
| Form subdivision | Sound recordings for foreign speakers |
| Source of heading or term | BUEsh |
| 9 (RLIN) | 36029 |
| 650 #7 - SUBJECT ADDED ENTRY--TOPICAL TERM | |
| Topical term or geographic name as entry element | English language |
| Form subdivision | Study and teaching as a second language. |
| Source of heading or term | BUEsh |
| 653 ## - INDEX TERM--UNCONTROLLED | |
| Resource For college | Humanities: English |
| Arrived date list | August2015 |
| -- | June2016 |
| -- | November2018 |
| 655 ## - INDEX TERM--GENRE/FORM | |
| Form subdivision | Reading book |
| 9 (RLIN) | 34232 |
| 700 1# - ADDED ENTRY--PERSONAL NAME | |
| Personal name | Hughes, Terri, |
| Relator term | author. |
| 9 (RLIN) | 14313 |
| 942 ## - ADDED ENTRY ELEMENTS (KOHA) | |
| Source of classification or shelving scheme | Dewey Decimal Classification |
| Koha item type | Book - Borrowing |
| Withdrawn status | Lost status | Source of classification or shelving scheme | Materials specified (bound volume or other part) | Damaged status | Not for loan | Collection code | Home library | Current library | Shelving location | Date acquired | Source of acquisition | Total Checkouts | Full call number | Barcode | Date last seen | Date checked out | Price effective from | Koha item type | Total Renewals | Checked out |
|---|---|---|---|---|---|---|---|---|---|---|---|---|---|---|---|---|---|---|---|---|
| Lost | Dewey Decimal Classification | Lost In Inventory_2015-8-23 | Central Library | Central Library | Second Floor | 07/08/2007 | 5 | 428.24076 SAH | 000005016 | 14/02/2013 | 09/01/2013 | 07/08/2007 | Cassette (NB) | |||||||
| Dewey Decimal Classification | Baccah | Central Library | Central Library | Second Floor | 07/08/2007 | Purchase | 3 | 428.24076 SAH | 000005017 | 24/08/2022 | 10/07/2017 | 07/08/2007 | Cassette (NB) | 8 | ||||||
| Central Library | Central Library | Second Floor | 07/08/2008 | Purchase | 7 | 428.24076 SAH | 000005122 | 24/08/2022 | 20/10/2013 | 08/08/2007 | Cassette (NB) | 12 | ||||||||
| Dewey Decimal Classification | Central Library | Central Library | Second Floor | 07/08/2008 | 7 | 428.24076 SAH | 000005126 | 15/02/2026 | 28/04/2016 | Book - Borrowing | 4 | |||||||||
| Central Library | Central Library | Second Floor | 07/08/2009 | Purchase | 428.24076 SAH | 000005136 | 24/08/2022 | 09/08/2007 | Cassette (NB) | |||||||||||
| Lost | Lost In Inventory_2015-8-23 | Central Library | Central Library | Second Floor | 07/08/2009 | Purchase | 428.24076 SAH | 000005137 | 09/08/2007 | 09/08/2007 | Cassette (NB) | |||||||||
| Lost | Lost In Inventory_2015-8-23 | Central Library | Central Library | Second Floor | 07/08/2009 | Purchase | 428.24076 SAH | 000005138 | 09/08/2007 | 09/08/2007 | Cassette (NB) | |||||||||
| Dewey Decimal Classification | Central Library | Central Library | Second Floor | 07/08/2009 | 5 | 428.24076 SAH | 000005164 | 15/07/2025 | 20/01/2021 | Book - Borrowing | 5 | |||||||||
| Dewey Decimal Classification | Central Library | Central Library | Second Floor | 07/08/2009 | 12 | 428.24076 SAH | 000005144 | 11/06/2024 | 17/02/2020 | Book - Borrowing | 16 | |||||||||
| Dewey Decimal Classification | Central Library | Central Library | Second Floor | 07/08/2009 | Purchase | 11 | 428.24076 SAH | 000005145 | 27/02/2020 | 27/02/2020 | Book - Borrowing | 16 | 12/03/2020 | |||||||
| Dewey Decimal Classification | Central Library | Central Library | Second Floor | 08/08/2007 | 7 | 428.24076 SAH | 000005025 | 19/11/2020 | 19/11/2020 | Book - Borrowing | 1 | 19/12/2020 | ||||||||
| Dewey Decimal Classification | Central Library | Central Library | Second Floor | 23/06/2016 | Purchase | 5 | 428.24076 SAH | 000005024 | 15/07/2025 | 19/11/2019 | 23/06/2016 | Book - Borrowing | 1 |